South African Cities by Caucasian Population - Statistics

General Stats
  • This quiz has been taken 162 times
  • The average score is 7 of 20
Answer Stats
# City % % Correct
140,125 Cape Town 32.31
99%
389,022 Pretoria 52.45
94%
133,379 Johannesburg 13.93
93%
91,212 Durban 15.33
88%
76,325 Bloemfontein 29.79
81%
118,200 Port Elizabeth 37.84
77%
139,501 Centurion 58.97
17%
60,421 Benoni 38.05
15%
80,034 Germiston 31.28
13%
110,723 Sandton 49.78
13%
153,882 Randburg 45.66
11%
70,636 Krugersdorp 50.22
10%
73,887 Boksburg 28.38
9%
115,541 Roodepoort 35.40
9%
44,075 Springs 36.24
9%
50,810 Witbank 46.75
9%
64,675 Alberton 53.21
7%
80,388 Kempton Park 46.85
7%
56,624 Bellville 50.33
5%
44,607 Durbanville 82.17
5%
No matching quizzes found
Score Distribution
Percent of People with Each Score
Percentile by Number Answered
Your Score History
You have not taken this quiz